Els Vertebrats terrestres de la comarca d'Alacant / (Record no. 9639)

MARC details
000 -LEADER
campo de control de longitud fija 00982nam a2200289 i 4500
001 - NÚMERO DE CONTROL
campo de control 9639
003 - IDENTIFICADOR DE NÚMERO DE CONTROL
campo de control ES-MaACL
005 - FECHA Y HORA DE LA ÚLTIMA TRANSACCIÓN
campo de control 20230906145727.0
007 - CAMPO FIJO DE DESCRIPCIÓN FÍSICA--INFORMACIÓN GENERAL
campo de control de longitud fija t|
008 - DATOS DE LONGITUD FIJA--INFORMACIÓN GENERAL
campo de control de longitud fija 931117s1992 sp ||||1| cat d
020 ## - NÚMERO INTERNACIONAL ESTÁNDAR DEL LIBRO
Número Internacional Estándar del Libro 84-86314-71-2
080 ## - NÚMERO DE LA CLASIFICACIÓN DECIMAL UNIVERSAL
Número de la Clasificación Decimal Universal 596(467.33)
100 1# - ENTRADA PRINCIPAL--NOMBRE DE PERSONA
Nombre de persona López, Germán.
9 (RLIN) 73331
245 14 - MENCIÓN DEL TÍTULO
Título Els Vertebrats terrestres de la comarca d'Alacant /
Mención de responsabilidad, etc. Germán López, Luis Rico, Carles Martín.
260 ## - PUBLICACIÓN, DISTRIBUCIÓN, ETC.
Lugar de publicación, distribución, etc. [Alicante] :
Nombre del editor, distribuidor, etc. Fons Editorial :
-- Caixa d'Estalvis Provincial D'Alacant,
Fecha de publicación, distribución, etc. D.L. 1992.
300 ## - DESCRIPCIÓN FÍSICA
Extensión 179 p. :
Otras características físicas il. ;
Dimensiones 29 cm.
490 1# - MENCIÓN DE SERIE
Mención de serie Cuadernos de la naturaleza ;
Designación de volumen o secuencia 2
500 ## - NOTA GENERAL
Nota general Indices.
504 ## - NOTA DE BIBLIOGRAFÍA, ETC.
Nota de bibliografía, etc. Bibliogr.: p.163-167.
650 #4 - PUNTO DE ACCESO ADICIONAL DE MATERIA--TÉRMINO DE MATERIA
Término de materia o nombre geográfico como elemento de entrada Vertebrados-
Subdivisión geográfica Alicante (Provincia)
9 (RLIN) 17766
700 1# - ENTRADA AGREGADA--NOMBRE PERSONAL
Nombre de persona Rico, Luis.
9 (RLIN) 97017
700 1# - ENTRADA AGREGADA--NOMBRE PERSONAL
Nombre de persona Martín, Carles.
9 (RLIN) 77272
710 2# - ENTRADA AGREGADA--NOMBRE DE ENTIDAD CORPORATIVA
Nombre de entidad corporativa o nombre de jurisdicción como elemento de entrada Caixa d'Estalvis Provincial d' Alacant.
9 (RLIN) 2276
830 0# - PUNTO DE ACCESO ADICIONAL DE SERIE-TÍTULO UNIFORME
Título uniforme Cuadernos de la naturaleza ;
Designación de volumen o secuencia 2
9 (RLIN) 228051
852 ## - LOCALIZACIÓN
Ubicación ES-MaACL
Número de control de estantería L-17161
Sublocalización o colección R.120403
Holdings
Estatus retirado Estado de pérdida Estado de daño No para préstamo Biblioteca de origen Biblioteca actual Ubicación en estantería Fecha de adquisición Fuente de adquisición Total de préstamos Signatura topográfica completa Código de barras Visto por última vez Precio de reemplazo Tipo de ítem Koha
        Biblioteca del Ateneo de Madrid Biblioteca del Ateneo de Madrid Depósito 2 17/01/2008     L-17161 1009836 23/02/2023 23/02/2023 Libro impreso